Quiz Pays #1 - Statistiques

Statistiques générales
  • Ce quiz a été pris 172 fois
  • Le résultat moyen est 43 sur 64
Statistiques - réponses
Question Tuile Select % Correct
Les 8 plus grands pays du monde Russie Oui
99%
Les 8 pays les plus riches Indonésie Non
97%
Les 8 plus grands pays du monde Canada Oui
96%
Les 8 pays les plus riches Mexique Non
96%
Les 8 plus grands pays du monde États-Unis Oui
95%
Les 8 plus grands pays du monde Chine Oui
93%
Les 8 plus grands pays du monde Arabie Saoudite Non
91%
Les 8 plus grands pays du monde Soudan Non
91%
Les 8 plus grands pays du monde Brésil Oui
90%
Les 8 plus petits pays du monde Vatican Oui
90%
Les 8 pays les plus riches Espagne Non
89%
Les 8 pays les plus riches Brésil Non
88%
Les 8 plus grands pays du monde Mexique Non
88%
Les 8 pays les plus riches États-Unis Oui
87%
Les 8 plus grands pays du monde Indonésie Non
87%
Les 8 plus grands pays du monde Danemark Non
86%
Les 8 plus petits pays du monde Monaco Oui
86%
Les 8 pays les plus riches France Oui
84%
Les 8 pays les plus riches Royaume-Uni Oui
84%
Les 8 plus grands pays du monde Australie Oui
83%
Les 8 pays les plus pauvres Guinée Non
83%
Les 8 pays les plus riches Allemagne Oui
82%
Les 8 plus petits pays du monde Seychelles Non
82%
Les 8 pays les plus pauvres Mozambique Non
80%
Les 8 plus grands pays du monde République démocratique du Congo Non
80%
Les 8 plus petits pays du monde Saint-Marin Oui
80%
Les 8 plus petits pays du monde Maldives Non
79%
Les 8 pays les plus riches Japon Oui
78%
Les 8 plus grands pays du monde Algérie Non
76%
Les 8 plus petits pays du monde Antigua-et-Barbuda Non
75%
Les 8 plus petits pays du monde Barbade Non
74%
Les 8 pays les plus riches Chine Oui
69%
Les 8 pays les plus riches Australie Non
68%
Les 8 plus petits pays du monde Grenade Non
66%
Les 8 plus petits pays du monde Nauru Oui
65%
Les 8 pays les plus pauvres Soudan du Sud Oui
64%
Les 8 pays les plus riches Corée du Sud Non
63%
Les 8 plus petits pays du monde Palaos Non
63%
Les 8 pays les plus pauvres Togo Non
63%
Les 8 pays les plus riches Russie Non
62%
Les 8 pays les plus pauvres Gambie Non
61%
Les 8 plus grands pays du monde Inde Oui
61%
Les 8 plus petits pays du monde Malte Non
61%
Les 8 plus petits pays du monde Saint-Vincent-et-les-Grenadines Non
61%
Les 8 pays les plus pauvres Burkina Faso Non
59%
Les 8 plus petits pays du monde Liechtenstein Oui
59%
Les 8 pays les plus pauvres Ouganda Non
59%
Les 8 pays les plus pauvres Burundi Oui
58%
Les 8 pays les plus pauvres Malawi Oui
57%
Les 8 plus grands pays du monde Kazakhstan Non
56%
Les 8 plus petits pays du monde Tuvalu Oui
53%
Les 8 pays les plus pauvres Afghanistan Non
49%
Les 8 plus petits pays du monde Saint-Christophe-et-Niévès Oui
44%
Les 8 pays les plus pauvres Niger Oui
43%
Les 8 pays les plus pauvres République centrafricaine Oui
42%
Les 8 pays les plus pauvres Libéria Oui
41%
Les 8 pays les plus pauvres Madagascar Oui
39%
Les 8 pays les plus pauvres Sierra Leone Non
39%
Les 8 pays les plus riches Canada Non
36%
Les 8 pays les plus pauvres République démocratique du Congo Oui
28%
Les 8 pays les plus riches Italie Oui
26%
Les 8 plus grands pays du monde Argentine Oui
25%
Les 8 plus petits pays du monde Îles Marshall Oui
23%
Les 8 pays les plus riches Inde Oui
15%
Aucun quiz correspondant
Distribution des résultats
% des personnes avec chaque résultat
Percentile par nombre de réponses
Votre historique - résultats
Vous n’avez pas pris ce quiz